|
|
|
|
| LEADER |
01094nam a2200265 a 4500 |
| 001 |
GR-MES12622 |
| 008 |
070703s nyu b 000 0 gre d |
| 020 |
|
|
|a 0071418539
|
| 040 |
|
|
|a GrPaTEI
|b gre
|c GR-PaULI
|
| 040 |
|
|
|a GrPaTEI
|b gre
|c GR-PaULI
|
| 082 |
|
0 |
|a 659.101 4
|2 21
|
| 100 |
1 |
|
|a Bayan, Richard
|
| 245 |
1 |
0 |
|a More words that sell :
|b a thesaurus to help you promote your products, services, and ideas /
|c Richard Bayan.
|
| 260 |
|
|
|a New York :
|b McGraw-Hill,
|c c 2003
|
| 300 |
|
|
|a x
|a 165σ. ;
|c 24εκ.
|
| 504 |
|
|
|a Περιλαμβάνει βιβλιογραφικές παραπομπές and appendix.
|
| 650 |
|
0 |
|a Advertising copy
|
| 650 |
|
0 |
|a Vocabulary
|
| 650 |
|
4 |
|a Διαφήμιση
|x Ορολογία
|
| 650 |
|
4 |
|a ΛΕΞΙΛΟΓΙΟ
|
| 653 |
|
|
|a Advertising--Terminology
|
| 942 |
|
|
|2 ddc
|
| 952 |
|
|
|0 0
|1 0
|2 ddc
|4 0
|6 659_101000000000000_4_BAY
|7 0
|9 271220
|a MSLG
|b MSLG
|c BSC
|d 2021-01-17
|e 24
|f 0
|g 0.00
|l 0
|o 659.101.4 BAY
|p 2420000022006
|r 2021-01-17 00:00:00
|t 1
|w 2021-01-17
|y BK15
|x 20070703 0 ΓΑΒΡΙΝΑ 1
|x GrPaTEI
|
| 971 |
|
|
|a .b25786696
|b 15-04-20
|c 13-09-16
|
| 999 |
|
|
|c 156632
|d 156632
|